Statistiques concernant Pays d'Afrique - Carte Quiz

Cliquez ici pour prendre le quiz!

Statistiques générales

  • Ce quiz a été pris 52 608 fois
  • Le résultat moyen est 34 sur 54

Réponses sur la Carte

Les réponses sont colorées sur une échelle allant du rouge au vert en fonction du pourcentage des utilisateurs qui les ont devinées à leur premier essai. Vous pouvez retrouver ces pourcentages ci-dessous.
Chargement ...
 

Statistiques - réponses

Réponse% Correct
Algérie
95%
Égypte
93%
Maroc
92%
Tunisie
92%
Afrique du Sud
89%
Libye
88%
Madagascar
87%
Somalie
78%
Soudan
77%
République du Congo
73%
Érythrée
71%
Tchad
71%
République démocratique du Congo
71%
Soudan du Sud
70%
Djibouti
70%
République Centrafricaine
70%
Éthiopie
70%
Cap-Vert
68%
Mauritanie
68%
Mali
67%
Niger
66%
Eswatini
66%
Lesotho
66%
Île Maurice
65%
Kenya
63%
Angola
63%
Sénégal
63%
Mozambique
61%
Côte d'Ivoire
60%
Tanzanie
60%
Namibie
59%
Nigeria
59%
Togo
58%
Sao Tomé-et-Principe
57%
Seychelles
56%
Cameroun
56%
Comores
55%
Rwanda
55%
Burkina Faso
54%
Guinée équatoriale
52%
Burundi
52%
Botswana
52%
Malawi
52%
Ouganda
51%
Zimbabwe
50%
Ghana
47%
Sierra Leone
47%
Gabon
47%
Gambie
46%
Bénin
46%
Zambie
45%
Guinée-Bissau
44%
Guinée
43%
Liberia
41%

Distribution des résultats

Percentile par nombre de réponses

% des personnes avec chaque résultat

Votre développement - résultats

Vous n’avez pas pris ce quiz